000
00481nam a2200145Ia 4500
008
100204s9999 xx 000 0 und d
082
_b
14959
100
_a
सोवनी रा. वि.
245
_a
कन्सल्टिंग रुम
260
_b
"मनोरमा प्रकाशन , मुंबई"
_c
1991
300
_a
135
630
_a
कन्सल्टिंग रुम
730
_a
कन्सल्टिंग रुम
942
_c
BOOK
999
_c
459390
_d
459387